| 000 | 00635nam a2200217Ia 4500 | ||
|---|---|---|---|
| 005 | 20230511114219.0 | ||
| 008 | 131103s9999 xx 000 0 und d | ||
| 020 | _cRs.18.75 | ||
| 040 | _aLoreto College | ||
| 041 | _aEnglish | ||
| 082 |
_a330.1 _bLEI |
||
| 100 | _aLeibenstein,Harvey | ||
| 245 |
_aEconomic theory and organizational analysis _cHarvey Leibenstein |
||
| 260 |
_aNew York _bHarper & Row Publishers _c1965 |
||
| 300 |
_ax,349 p. _b ill.,fig. |
||
| 440 | _aA Harper International Student Reprint | ||
| 504 | _aIncludes bibliographical references and index | ||
| 650 | _aEconomics | ||
| 850 | _aLCLIB | ||
| 942 | _cBK | ||
| 999 |
_c7603 _d58082 |
||